A sermon preach'd before the Honourable House of Commons at St. Margaret's Westminster, on January 30. 1717-8 : By John Hoadly, ...

Bibliographic Details
Main Author: Hoadly, John, 1678-1746
Format: eBook
Language:English
Series:Eighteenth century collections online.
Online Access:Full text online

MARC

Tag First Indicator Second Indicator Subfields
LEADER 00000cam a2200000 4500
001 in00001979080
006 m | d |
007 cr |n||||||||n
008 790705s1718 enk|||| s 00| ||eng d
005 20260414180053.9
035 |a (CStRLIN)ESTCT49003 
040 |a Uk-ES  |c Uk-ES  |d Cu-RivES  |d CStRLIN  |d Thomson Gale  |d UtOrBLW 
100 1 |a Hoadly, John,  |d 1678-1746. 
245 1 2 |a A sermon preach'd before the Honourable House of Commons at St. Margaret's Westminster, on January 30. 1717-8 :  |b By John Hoadly, ... 
264 3 |a London :  |b printed by W. Wilkins, for Tim. Childe,  |c 1718. 
300 |a 32p. ;  |c 8⁰. 
336 |a text  |b txt  |2 rdacontent 
337 |a computer  |b c  |2 rdamedia 
338 |a online resource  |b cr  |2 rdacarrier 
500 |a Half-title: 'Dr. Hoadly's sermon before the Honourable House of Commons.'. 
500 |a Reproduction of original from the British Library. 
510 4 |a English Short Title Catalog,  |c ESTCT49003. 
533 |a Electronic reproduction.  |b Farmington Hills, Mich. :  |c Thomson Gale,  |d 2003.  |n Available via the World Wide Web.  |n Access limited by licensing agreements  |7 s2003 miunns 
500 |a Electronic resource. 
830 0 |a Eighteenth century collections online. 
856 4 0 |u http://proxy.library.tamu.edu/login?url=https://galenet.galegroup.com/servlet/ECCO?c=1&stp=Author&ste=11&af=BN&ae=T049003&tiPG=1&dd=0&dc=flc&docNum=CW121329076&vrsn=1.0&srchtp=a&d4=0.33&n=10&SU=0LRF&locID=txshracd2898  |z Full text online  |t 0 
999 |a MARS 
999 f f |s 4d639771-144d-37d0-8ffa-a650c3ceff74  |i a18d8136-f9dd-3dc2-9598-32766806ea63  |t 0 
952 f f |a Texas A&M University  |b College Station  |c Electronic Resources  |s www_evans  |d Available Online  |t 0  |h No information provided 
998 f f |t 0  |l Available Online